| 000 | 01695nam a2200325 a 4500 | ||
|---|---|---|---|
| 001 | BRCA_2854 | ||
| 005 | 20190320204011.0 | ||
| 008 | 101208s1825----gw-#---###---#000-0#ger-u | ||
| 041 | _ager | ||
| 044 | _agw | ||
| 084 |
_a275 _b.S39 _c1825 |
||
| 100 | 1 |
_aCervantes Saavedra, Miguel de _d1547-1616 _9213 |
|
| 245 | 1 | 0 |
_aLeben und Thaten des Sinnreichen Junkers Don Quijote von der Mancha _cverfasst von Miguel de Cervantes Saavedra. |
| 260 |
_aZwickau _bGebrüder Schumann _c1825 |
||
| 300 |
_a8 v. en 14 t. _bil. _c11 cm. |
||
| 440 | 0 |
_aWerke von Miguel de Cervantes Saavedra _n1-8 _97979 |
|
| 500 | _aContenido : v 1. Primera parte. Prólogo del autor. Algunos versos preliminares. Nota del traductor. Texto. -- v 2. Texto. -- v 3. Texto. -- v 4. Segunda parte. Dedicatoria del autor. Prefacio del traductor. Texto. -- v 5. Texto. -- v 6. Texto | ||
| 500 | _aEdición : Ubersetz von Heronymus Müller | ||
| 500 | _aTraducción de Müller la cual, a pesar de ser bastante fiel al original, no tuvo la aceptación que se merecía. Edición adornada con un retrato de Cervantes y 8 láminas, copias de las de Coypel, grabadas en cobre. Semipiel; lomeras decoradas con dorados Lúdovik Osterc | ||
| 500 | _aExistencias : Ejemplar incompleto sólo existen los volúmenes 1-6; falta el 7 y 8 | ||
| 500 | _aQM510 | ||
| 546 | _aTexto en : alemán | ||
| 650 | 1 | 4 |
_aNovela española _yÉpoca clásica, 1500-1700 _9215 |
| 650 | 1 | 4 |
_aLiteratura española _yÉpoca clásica, 1500-1700 _9216 |
| 650 | 1 | 4 |
_aNovela española _ySiglo XVII _9217 |
| 650 | 1 | 4 |
_aDon Quijote (Personaje ficticio) _eNovela _9218 |
| 740 | 0 | _aEl Ingenioso Hidalgo Don Quijote de la Mancha | |
| 902 | _aQFM | ||
| 942 |
_2lcc _cB |
||
| 999 |
_c2593 _d2593 |
||